| 000 | 00512nam a2200193Ia 4500 | ||
|---|---|---|---|
| 003 | GCL | ||
| 008 | 140319s9999 xx 000 0 ara d | ||
| 040 |
_aGCL / _cGCL |
||
| 082 | 0 | 4 |
_a811.9 _bو ف |
| 100 | 1 | _aمحمود القاضى | |
| 245 | 1 | 0 |
_aوعلمنى الاسماء / _cمحمود القاضى |
| 700 | 1 | _aفؤاد بدوى | |
| 300 | _a58 ص | ||
| 490 | _a | ||
| 650 | 0 | 4 | _aالشعر العربى |
| 650 | 0 | 4 | _aالعصر الحديث |
| 650 | 0 | 4 | _aدواوين وقصائد |
| 942 |
_2ddc _cBK |
||
| 999 |
_c37604 _d37604 |
||